[Event "Medellin Easter op 10th"]
[Site "Medellin"]
[Date "2022.04.14"]
[Round "3"]
[White "Centanaro Erazo, Nicolle Daniela"]
[Black "Pacheco Grateron, Jose Gregorio"]
[Result "1/2-1/2"]
[WhiteElo "1304"]
[BlackElo "1787"]
[PlyCount "73"]
[EventDate "2022.04.13"]
[EventType "swiss"]
[EventRounds "8"]
[EventCountry "COL"]
[SourceTitle "CBM 207 Extra"]
[Source "ChessBase"]
[SourceDate "2022.05.31"]
[SourceVersion "1"]
[SourceVersionDate "2022.05.31"]
[SourceQuality "1"]

1. e4 c6 2. Nf3 d5 3. Nc3 Bg4 4. h3 Bxf3 5. Qxf3 dxe4 6. Nxe4 Nd7 7. d4 Ngf6 8. Nxf6+ Nxf6 9. c3 e6 10. Bg5 Be7 11. Bd3 h6 12. Bd2 Qb6 13. b3 0-0-0 14. 0-0 g5 15. b4 a6 16. a4 Rdg8 17. b5 axb5 18. axb5 c5 19. dxc5 Qxc5 20. Be3 Qd5 21. Qxd5 Nxd5 22. Bd4 Bf6 23. Bxf6 Nxf6 24. Be2 Kc7 25. Bf3 Ra8 26. b6+ Kxb6 27. Rab1+ Kc5 28. Rxb7 Raf8 29. Rfb1 Ne8 30. R7b6 Kc4 31. Rc6+ Kd3 32. Rd1+ Kc2 33. c4 Nf6 34. Ra1 Rc8 35. Raa6 Nd7 36. Rd6 Nc5 37. Rac6 1/2-1/2